Critical social psychology (Record no. 253926)

MARC details
000 -LEADER
fixed length control field 00604nam a2200205Ia 4500
008 - FIXED-LENGTH DATA ELEMENTS--GENERAL INFORMATION
fixed length control field 191130s2001##################000#0#eng##
020 ## - INTERNATIONAL STANDARD BOOK NUMBER
ISBN 9780333776469
082 ## - DEWEY DECIMAL CLASSIFICATION NUMBER
Classification number 302 GOU
100 ## - MAIN ENTRY--AUTHOR NAME
Personal name Gough, Brendan
245 ## - TITLE STATEMENT
Title Critical social psychology
Statement of responsibility, etc Brendan Gough
260 ## - PUBLICATION, DISTRIBUTION, ETC. (IMPRINT)
Place of publication Basingstoke, Hampshire ; New York
Name of publisher Palgrave Macmillan
Year of publication 2001
300 ## - PHYSICAL DESCRIPTION
Number of Pages x, 257 p. ; 24 cm
500 ## - GENERAL NOTE
General note Includes bibliographical references and index
650 ## - SUBJECT ADDED ENTRY--TOPICAL TERM
Topical Term Social psychology
991 ## -
-- 222589
Holdings
Withdrawn status Lost status Damaged status Not for loan Home library Current library Shelving location Date acquired Full call number Accession Number Price effective from Koha item type
        Anna Centenary Library Anna Centenary Library 3RD FLOOR, B WING 13.10.2020 302 GOU 320906 13.10.2020 English Books

Find us on the map